000 02383nam a2200457 i 4500
001 ebr10840326
003 CaPaEBR
006 m o d
007 cr cn|||||||||
008 140311t20132013sz o 100 0 eng d
020 _z9783034314725
020 _a9783035106572 (e-book)
040 _aCaPaEBR
_beng
_erda
_epn
_cCaPaEBR
035 _a(OCoLC)875635523
043 _ae------
050 1 4 _aPN5110
_b.C666 2014eb
082 0 4 _a070.4/4994055
_223
245 0 0 _aCommunicating Europe :
_bjournals and European integration, 1939-1979 /
_cedited by Daniele Pasquinucci, Daniela Preda and Luciano Tosi.
264 1 _aFrankfurt am Main, [Germany] :
_bPeter Lang,
_c2013.
264 4 _c�2013
300 _a1 online resource (612 pages)
336 _atext
_2rdacontent
337 _acomputer
_2rdamedia
338 _aonline resource
_2rdacarrier
500 _a"Present work is an ideal extension of that first initiative, and contains the proceedings of the conference Communicating Europe. Journals and European Integration 1939-1979 organized by AUSE (with the support of the Action Jean Monnet, Lifelong Learning Programme) at the University of Perugia and Assisi from 2 to 4 May 2013."
588 _aDescrription based on print version record.
590 _aElectronic reproduction. Palo Alto, Calif. : ebrary, 2014. Available via World Wide Web. Access may be limited to ebrary affiliated libraries.
610 2 0 _aEuropean Union
_xPress coverage
_zEurope
_vCongresses.
650 0 _aEuropean periodicals
_xHistory
_y20th century
_vCongresses.
650 0 _aPress and politics
_zEuropean Union countries
_xHistory
_y20th century
_vCongresses.
651 0 _aEuropean Union countries
_xPublic opinion
_vCongresses.
651 0 _aEuropean Union countries
_xPolitics and government
_y20th century
_vCongresses.
655 0 _aElectronic books.
700 1 _aPasquinucci, Daniele.
700 1 _aPreda, Daniela,
_d1960-
700 1 _aTosi, Luciano.
710 2 _aEuropean Commission.
_bLifelong Learning Programme.
776 0 8 _iPrint version:
_tCommunicating Europe : journals and European integration, 1939-1979.
_dFrankfurt am Main, [Germany] : Peter Lang, c2013
_h610 pages
_z9783034314725
_w2013042903
797 2 _aebrary.
856 4 0 _uhttp://site.ebrary.com/lib/rucke/Doc?id=10840326
_zAn electronic book accessible through the World Wide Web; click to view
999 _c96377
_d96377